000 00574nam a2200193 i 4500
001 25045
003 ES-MaACL
005 20230906153202.0
007 t|
008 021220s1965 cl ||||1| spa d
100 1 _aArabena Williams, Hermelo.
_922144
245 1 0 _aPiedra y luz de España /
_cHermelo Arabena Williams.
260 _a[Santiago de Chile] :
_bArancibia,
_c1965 (
_fOgrama)
300 _a127 p. :
_bil. ;
_c19 cm.
490 1 _aColección literaria
830 0 _aColección literaria
_9179831
852 _aES-MaACL
_jC-54532
_bR.87347
999 _c25045
_d25045